Online
Catalog

El caudillismo y la revolución americana : (Record no. 5590)

MARC details
000 -CABECERA
campo de control de longitud fija 01005cam a2200241 a 4500
001 - NÚMERO DE CONTROL
campo de control 000005794
005 - FECHA Y HORA DE LA ÚLTIMA TRANSACCIÓN
campo de control 20200929151804.0
008 - DATOS DE LONGITUD FIJA--INFORMACIÓN GENERAL
campo de control de longitud fija 810903s1966 uy 000 0 spa
040 ## - FUENTE DE LA CATALOGACIÓN
Centro catalogador/agencia de origen DO-SdBNP
Lengua de catalogación spa
Centro/agencia transcriptor BNPHU
082 ## - NÚMERO DE LA CLASIFICACIÓN DECIMAL DEWEY
Número de clasificación 320.53
Número de documento/Ítem H565c
100 1# - ENTRADA PRINCIPAL--NOMBRE DE PERSONA
Nombre de persona Herrera y Obes, Manuel,
Fechas asociadas al nombre 1806-1890.
9 (RLIN) 16388
245 13 - MENCIÓN DE TÍTULO
Título El caudillismo y la revolución americana :
Resto del título polémica /
Mención de responsabilidad, etc. Manuel Herrera y Obes, Bernardo Prudencio Berro ; prólogo Juan E. Pivel Devoto.
260 ## - PUBLICACIÓN, DISTRIBUCIÓN, ETC.
Lugar de publicación, distribución, etc. Montevideo, Uruguay :
Nombre del editor, distribuidor, etc. Ministerio de Instrucción y Previnción Social,
Fecha de publicación, distribución, etc. 1966.
300 ## - DESCRIPCIÓN FÍSICA
Extensión xiviii, 155 p. ;
Dimensiones 20 cm.
490 1# - MENCIÓN DE SERIE
Mención de serie Biblioteca Artigas.
-- Clásicos uruguayos
490 1# - MENCIÓN DE SERIE
Designación de volumen o secuencia 110.
651 #4 - PUNTO DE ACCESO ADICIONAL DE MATERIA--NOMBRE GEOGRÁFICO
Nombre geográfico Uruguay
Subdivisión general Política Y Gobierno
9 (RLIN) 16389
651 #4 - PUNTO DE ACCESO ADICIONAL DE MATERIA--NOMBRE GEOGRÁFICO
Nombre geográfico Uruguay
Subdivisión general Historia
Subdivisión cronológica 1830-1875.
9 (RLIN) 16390
600 10 - PUNTO DE ACCESO ADICIONAL DE MATERIA--NOMBRE DE PERSONA
Nombre de persona Rivera, Fructuoso,
Fechas asociadas al nombre ca. 1784-1854.
9 (RLIN) 16391
700 1# - PUNTO DE ACCESO ADICIONAL--NOMBRE DE PERSONA
Nombre de persona Berro, Bernardo Prudiencio,
Fechas asociadas al nombre 1803-1868.
9 (RLIN) 16392
700 1# - PUNTO DE ACCESO ADICIONAL--NOMBRE DE PERSONA
Nombre de persona Pivel Devota, Juan E.,
Término indicativo de función/relación pról.
9 (RLIN) 16393
830 #0 - PUNTO DE ACCESO ADICIONAL DE SERIE-TÍTULO UNIFORME
Título uniforme Biblioteca Artigas.
Nombre de parte o sección de la obra Clásicos uruguayos ;
Número de parte o sección de la obra 110.
9 (RLIN) 16394
Holdings
Estado de retiro Estado de pérdida Restricciones de uso No para préstamo Código de colección Localización permanente Ubicación/localización actual Ubicación en estantería Fecha de adquisición Número de inventario Total de préstamos Signatura topográfica completa Código de barras Fecha visto por última vez Precio válido a partir de Tipo de ítem Koha Número de copia
      Excluido de préstamo Monografías: Libros y Folletos General General Depósito 22.08.2009 LF1   320.53 H565c 5794-10 25.06.2020 25.06.2020 No se presta  
  Extraviado   Excluido de préstamo Monografías: Libros y Folletos General General Extraviado 19.04.2017 LF1   320.53 H565c 5794-20 25.06.2020 25.06.2020 No se presta e. 2

Powered by Koha